01888nam a2200337 a 450000100100000000500170001000800410002702000240006802000240009204000250011608200160014110000450015724501790020226000530038130000380043449000100047250400280048259000260051070000430053670000260057983000170060595201230062295201080074595201130085395201080096695201140107495201150118895201150130395201150141899900170153300004696520201002053240.0180412s2016 dr abc r 000 0 spa d a9789945595772 (v.1) a9789945599619 (v.2) aDO-SdBNPbspacBNPHU axxxxbV335c1 aVásquez Güichardo, Julia Mery97486910aCiencias de la naturaleza 4 :bcuarto grado, segundo ciclo educación primaria /cJulia Mery Vásquez Güichardo, Andrea Griselda Rincón Ozuna ; ilustración Henry Cid. aSanto Domingo :bActualidad Escolar 2000,c2016. av. :bil., mapas retrs. ;c22 cm.1 aVeraz aBibliografía : p. 224 aInventariado, 2018/LP1 aRincón Ozuna, Andrea Griselda9748701 aCid, Henry,eil.9346 0aVeraz974848 001054708PDaGRbGRcHDd2018-12-12iLF1l0ov. 2, e. 3p46965-50r2020-06-25w2020-06-25yLFPDZPréstamo en sala 0010718PDaPDbPDcHDd2018-04-09iLF1l0ov. 1p46965-10r2020-06-25w2020-06-25yLFPDZNo se presta 0010718PDaPDbPDcHDd2018-04-12iLF1l0ov.1, e. 2p46965-20r2020-06-25w2020-06-25yLFPDZNo se presta 0010718PDaPDbPDcHDd2018-12-12iLF1l0ov. 2p46965-30r2020-06-25w2020-06-25yLFPDZNo se presta 0010718PDaPDbPDcHDd2018-12-12iLF1l0ov. 2, e. 2p46965-40r2020-06-25w2020-06-25yLFPDZNo se presta 00107-18PDaGRbGRcOId2018-04-10iLF1l0oxxxx V335cp46966-30r2020-06-25w2020-06-25yLFPDZNo se presta 00107-18PDaPDbPDcOId2018-04-10iLF1l0oxxxx V335cp46966-10r2020-06-25w2020-06-25yLFPDZNo se presta 00107-18PDaPDbPDcOId2018-04-10iLF1l0oxxxx V335cp46966-20r2020-06-25w2020-06-25yLFPDZNo se presta c46453d46453